The Simpsons A-Z - Statistics

General Stats
  • This quiz has been taken 552 times
    530 since last reset
  • The average score is 9 of 26
Answer Stats
Hint Answer % Correct
D Homer’s favourite beer Duff
97%
I The _____ & Scratchy Show Itchy
94%
L Homer and Marge’s second child Lisa Simpson
93%
J Mr Sparkle's country of origin Japan
83%
G Surname of the creator of The Simpsons Groening
82%
C Carl’s last name Carlson
71%
R Krusty’s father’s occupation Rabbi
65%
F Drink created by Homer, but stolen by Moe Flaming Homer
63%
T You might remember him from such musicals as “Stop the Planet of the Apes, I Want to Get Off!” Troy McLure
61%
S How Ralph refers to Chalmers Super Nintendo Chalmers
51%
B Homer’s barbershop quartet Be Sharps
39%
A One-screen cinema in the town square Aztec
27%
W Grand Theft _____ Walrus
20%
O America’s barley basket Ogdenville
18%
P Spider-Pig Plopper
15%
Z Artie’s software company Ziffcorp
14%
M Lionel Hutz’s name after he changed his identity Miguel Sanchez
13%
E Lisa’s rival Eliza
12%
K Episode in which Bart and Lisa return to Kamp Krusty Kamp Krustier
4%
Y The most delicious fish in the ocean Yum Yum Fish
4%
Q One of the few intelligent Spuckler children Q-Bert
3%
H Where Bart wanted to get his “Mother” tattoo Happy Sailor Tattoo Parlor
1%
N The above’s Vietnamese identity Nguyen Van Phuoc
1%
U Song by the kidnapped people in Midnight Towboy Under the Boardwalk
1%
V Season 8 episode adapted into a LEGO Dimensions level Viaje Misterioso de Nuestro Jomer
1%
X The Olmec head gifted to Bart by Mr. Burns Xt'Tapalatakettle
1%
No matching quizzes found
Score Distribution
Percent of People with Each Score
Percentile by Number Answered
Your Score History
You have not taken this quiz since the last reset